Murphy/jahn : (Record no. 352541)

000 -LEADER
fixed length control field 00999 a2200277 4500
003 - CONTROL NUMBER IDENTIFIER
control field OSt
005 - DATE AND TIME OF LATEST TRANSACTION
control field 20260129110039.0
008 - FIXED-LENGTH DATA ELEMENTS--GENERAL INFORMATION
fixed length control field 120517t xxu||||| |||| 00| 0 eng d
020 ## - INTERNATIONAL STANDARD BOOK NUMBER
International Standard Book Number 1875498192 (hardcover)
020 ## - INTERNATIONAL STANDARD BOOK NUMBER
International Standard Book Number 9781875498192 (hardcover)
040 ## - CATALOGING SOURCE
Transcribing agency 0
082 04 - DEWEY DECIMAL CLASSIFICATION NUMBER
Classification number 720.973
100 1# - MAIN ENTRY--PERSONAL NAME
Personal name Jahn, Helmut.
9 (RLIN) 32857
245 10 - TITLE STATEMENT
Title Murphy/jahn :
Remainder of title selected and current works /
Statement of responsibility, etc. Helmut Jahn.
260 ## - PUBLICATION, DISTRIBUTION, ETC.
Place of publication, distribution, etc. Victoria :
Name of publisher, distributor, etc. Images Publishing Group,
Date of publication, distribution, etc. 1995.
300 ## - PHYSICAL DESCRIPTION
Extent 264 p. :
Other physical details ill.;
Dimensions 32 cm.
490 1# - SERIES STATEMENT
Series statement The master architect series , no 8.
500 ## - GENERAL NOTE
General note Includes bibliographical refrences and index
650 0# - SUBJECT ADDED ENTRY--TOPICAL TERM
Topical term or geographic name entry element Architecture, American
9 (RLIN) 32858
650 0# - SUBJECT ADDED ENTRY--TOPICAL TERM
Topical term or geographic name entry element Architects
9 (RLIN) 1632
650 0# - SUBJECT ADDED ENTRY--TOPICAL TERM
Topical term or geographic name entry element Architecture
Geographic subdivision United States
9 (RLIN) 32643
830 #4 - SERIES ADDED ENTRY--UNIFORM TITLE
Uniform title The master architect series , no 8.
9 (RLIN) 32859
856 40 - ELECTRONIC LOCATION AND ACCESS
Materials specified Amazon.com
Uniform Resource Identifier <a href="http://www.amazon.com/exec/obidos/ASIN/1875498192/chopaconline-20">http://www.amazon.com/exec/obidos/ASIN/1875498192/chopaconline-20</a>
942 ## - ADDED ENTRY ELEMENTS (KOHA)
Institution code [OBSOLETE] SADA
Koha item type Book
Call number prefix 720.973 JAN 1995
Source of classification or shelving scheme
Holdings
Withdrawn status Lost status Source of classification or shelving scheme Damaged status Not for loan Permanent Location Current Location Date acquired Total Checkouts Full call number Barcode Date last seen Date last checked out Cost, replacement price Price effective from Koha item type
          School of Art Design and Architecture (SADA) School of Art Design and Architecture (SADA) 12/22/2010 1 720.973 JAH 1995 SADA0000488 10/18/2012 10/10/2012 4291.00 08/05/2011 Book
© 2023 Central Library, National University of Sciences and Technology. All Rights Reserved.